000 00334nam a22001457a 4500
020 _qHB.
040 _cFIZZA ISHAQ
082 _a625.7
_bTFF
100 _aFWA, T.F.
_989861
245 _aHANDBOOK OF HIGHWAY ENGINEERING /
_cT.F. FAW.
250 _a1st ED.
260 _bCRC PRESS,
_c2006.
300 _a2253 P. ;
942 _2ddc
_cBK
999 _c588363
_d588363